1598 1681 1198 1181 1270 1307 1864 1943 1129 1356 1371 1057 1259 1534 1528 1367 1882 1504 1874 1851 1501 1863 1358 1248 1942 1487 1651 1582 1168 1355 1738 1823 1770 1700 1011 1787 1708 1878 1454 1554 1730 1708 1585 1290 1405 1449 1367 1762 1598 1780 1012 1121 1216 1787 1124 1066 1381 1234 1063 1720 1169 1610 1441 1673 1835 1648 1019 1568 1769 1906 1696 1748 1746 1043 1507 1276 1933 1212 1259 1412 1338 1942 1830 1592 1866 1491 1469 1639 1220 1023 1446 1403 1186 1751 1501 1539 1223 1196 1991 BCNSPRNW ULIB Ver.6.0+V

เปลี่ยนเป็นภาษาไทย

Change to English
 แสดงรายละเอียดบรรณานุกรม
  กลับหน้าหลัก

Brief Record : Get Marc (ISO 2709) : E-mail record : QR code < ปิดหน้าต่าง
LEADER : 00000nam 2200000uu 4500
001    13399111623
003     ULIB
008    110704s2547||||th 000 0 tha d
020    9749507606
020    9789749507605
060 04 QV77.2^bม456ค 2547
100 0  มาโนช หล่อตระกูล
245 10 คู่มือการใช้ยาทางจิตเวช /^cมาโนช หล่อตระกูล
250    พิมพ์ครั้งที่ 2
260    กรุงเทพฯ :^bหมอชาวบ้าน,^c2547
300    172 หน้า ;^c21 ซม.
650  7 ยารักษาทางระบบประสาทและจิต
650  7 จิตเภสัชวิทยา
945    ^p150^l0^i24213
995    กัณชพร
999    ^aใช้งานได้ทุกระบบ
รายการนี้ยังไม่มีแท็ก
คุณยังไม่ได้ล็อกอิน คุณสามารถมีกิจกรรมร่วมกับเว็บไซต์ได้ แต่ต้องล็อกอินก่อน ::
  ล็อกอิน

รายการสื่อสารสนเทศ

ลำดับที่ ประเภท เลขเรียก/บาร์โค้ด สถานที่ สถานะ
- ไม่พบข้อมูล -

รายการใกล้เคียง
    ผู้แต่ง [มาโนช หล่อตระกูล]

    หัวเรื่อง [ยารักษาทางระบบประสาทและจิต]
    หัวเรื่อง [จิตเภสัชวิทยา]

BibComment


ยังไม่เคยถูกคอมเมนท์

คอมเมนท์ทรัพยากรรายการนี้
  คอมเมนท์: คู่มือการใช้ยาทาง..


 Copyright 2026. Bcnsprnw @Library